<?xml version="1.0" encoding="UTF-8"?>
<record
    xmlns:xsi="http://www.w3.org/2001/XMLSchema-instance"
    xsi:schemaLocation="http://www.loc.gov/MARC21/slim http://www.loc.gov/standards/marcxml/schema/MARC21slim.xsd"
    xmlns="http://www.loc.gov/MARC21/slim">

  <leader>00689nam a22001937a 4500</leader>
  <datafield tag="999" ind1=" " ind2=" ">
    <subfield code="c">170355</subfield>
    <subfield code="d">170355</subfield>
  </datafield>
  <controlfield tag="005">20191213130941.0</controlfield>
  <datafield tag="010" ind1=" " ind2=" ">
    <subfield code="a">A-842584</subfield>
  </datafield>
  <datafield tag="020" ind1=" " ind2=" ">
    <subfield code="c">9.00</subfield>
    <subfield code="a">-</subfield>
  </datafield>
  <datafield tag="035" ind1=" " ind2=" ">
    <subfield code="a">A-842584</subfield>
  </datafield>
  <datafield tag="037" ind1=" " ind2=" ">
    <subfield code="b">BPPD</subfield>
  </datafield>
  <datafield tag="082" ind1=" " ind2=" ">
    <subfield code="a">615.54</subfield>
  </datafield>
  <datafield tag="100" ind1=" " ind2=" ">
    <subfield code="a">&#x645;&#x62D;&#x645;&#x62F; &#x628;&#x646; &#x632; &#x6A9;&#x631; &#x64A;&#x627; &#x631; &#x627; &#x632; &#x6CC;  </subfield>
  </datafield>
  <datafield tag="245" ind1=" " ind2=" ">
    <subfield code="a">&#x645;&#x639;&#x631; &#x648; &#x641; &#x628;&#x6C1; &#x6A9;&#x62A;&#x627; &#x628; &#x627; &#x644;&#x627; &#x628;&#x62F; &#x627; &#x644; </subfield>
    <subfield code="c">&#x645;&#x62D;&#x645;&#x62F; &#x628;&#x646; &#x632; &#x6A9;&#x631; &#x64A;&#x627; &#x631; &#x627; &#x632; &#x6CC;   </subfield>
  </datafield>
  <datafield tag="246" ind1=" " ind2=" ">
    <subfield code="a">Maroof Ba Kitab Ala Badal  (Urdu)</subfield>
    <subfield code="b">by Mohd. Bin Zakria Razi </subfield>
  </datafield>
  <datafield tag="260" ind1=" " ind2=" ">
    <subfield code="a">N.Delhi</subfield>
    <subfield code="c">1986 &#x621; </subfield>
    <subfield code="b">Central Council For Research In unani Medicean</subfield>
  </datafield>
  <datafield tag="270" ind1=" " ind2=" ">
    <subfield code="a">5,Panchsheel Shoping Centre </subfield>
    <subfield code="b">N.Delhi</subfield>
    <subfield code="k">-</subfield>
    <subfield code="e">110017</subfield>
  </datafield>
  <datafield tag="300" ind1=" " ind2=" ">
    <subfield code="a">95 &#x635;</subfield>
    <subfield code="c">22 cm(hb)</subfield>
  </datafield>
  <datafield tag="942" ind1=" " ind2=" ">
    <subfield code="2">ddc</subfield>
    <subfield code="c">UR</subfield>
    <subfield code="h">615.54</subfield>
    <subfield code="m">&#x627; &#x628; &#x648; </subfield>
  </datafield>
</record>
